Studia Philosophica Kantiana filozofický časopis pre kriticko-rekonštrukčné uvažovanie
| Other Authors: | , |
|---|---|
| Format: | Journal |
| Language: | Slovak English German |
| PhysicalDescription: | zv. 21 cm Online vydanie: Studia Philosophica Kantiana (Online) ISSN 2585-7673 |
| Published: |
Prešov
Prešovská univerzita v Prešove
2012-
|
| ISSN: | 1338-7758 |
| Subjects: | |
| Online Access: | http://www.unipo.sk/filozoficka-fakulta/instituty-fakultyifi/spk/cspk/ |
MARC
| LEADER | 00000cas a2200000 a 4500 | ||
|---|---|---|---|
| 001 | vtls010440680 | ||
| 003 | SK-MaSNL | ||
| 005 | 20260425194032.0 | ||
| 008 | 120806c20129999xo fr p 0 0slo | ||
| 022 | |a 1338-7758 | ||
| 040 | |a SNK |b slo |c SNK |d SVKBB |e AACR2 | ||
| 041 | 0 | |a slo |a eng |a ger |b slo |b ger | |
| 044 | |a xo |c SK | ||
| 072 | 7 | |a 101 |x Filozofia |2 konspekt | |
| 080 | |a 101 |2 2011 | ||
| 080 | |a 050 |2 2011 | ||
| 080 | |a 001(051) |2 2011 | ||
| 210 | 0 | |a Stud. philos. Kantiana | |
| 222 | 0 | |a Studia philosophica Kantiana | |
| 245 | 0 | 0 | |a Studia Philosophica Kantiana |b filozofický časopis pre kriticko-rekonštrukčné uvažovanie |
| 260 | |a Prešov |b Prešovská univerzita v Prešove |c 2012- | ||
| 300 | |a zv. |c 21 cm | ||
| 310 | |a 2x ročne | ||
| 362 | 0 | |a Roč. 1, č. 1 (2012)- | |
| 500 | |a Časopis vznikol pri príl. osláv 15. výročia zal. Prešovskej univerzity v Prešove, zal. Ľubomír Belás a spoluprac. | ||
| 500 | |a Šéfredaktor: Ľubomír Belás, Sandra Zákutná | ||
| 500 | |a Evidenčné číslo MK SR: 4620/12 | ||
| 500 | |a Časopis vychádza s podporou OZ Pro Kantiana | ||
| 500 | |a Od č. 1/2012 v pdf formáte | ||
| 504 | |a Bibliogr. odkazy ; pozn. | ||
| 530 | |a Online vydanie: Studia Philosophica Kantiana (Online) ISSN 2585-7673 | ||
| 546 | |a Text aj v angl. a nem. ; res. v slov. a nem. | ||
| 600 | 1 | 7 | |a Kant, Immanuel, |d 1724-1804 |2 SNKMA |9 107766 |
| 650 | 0 | 7 | |a filozofia |2 SNKPH |9 793 |
| 650 | 0 | 7 | |a Philosophy |2 SNKPHeng |9 266492 |
| 655 | 7 | |a vedecké časopisy |2 SNKPH |9 70520 | |
| 655 | 7 | |a Scientific journals |2 SNKPHeng |9 265227 | |
| 700 | 1 | |a Belás, Ľubomír, |d 1957-2022 |4 pbd |9 246150 | |
| 700 | 1 | |a Zákutná, Sandra, |d 1983- |4 pbd |9 183785 | |
| 710 | 2 | |a Prešovská univerzita v Prešove. |b Filozofická fakulta. |b Katedra filozofie |4 pbl |9 178263 | |
| 856 | 4 | 1 | |u http://www.unipo.sk/filozoficka-fakulta/instituty-fakultyifi/spk/cspk/ |
| 910 | |a snk | ||
| 916 | |a 2012-2013, 2014-2016, 2017-2018, 2019, 2020, 2021 | ||
| 999 | |c 2271 |d 4201 | ||
| 952 | |t č. 1-2 |a SNK |b SNK |y PREZ |7 0 |p 17A1432711 |o snkČSD 2477/8/2019 |i snk2020/20543 |8 0 |f 1 |0 0 |1 0 |4 0 |d 2020-11-13 |l 0 |r 2026-02-21 19:24:13 |w 2026-02-21 | ||
| 952 | |t č. 1-2 |a SNK |b SNK |y PREZ |7 0 |p 17A1434131 |o snkČSD 2477/9/2020 |i snk2021/5840 |8 0 |f 1 |0 0 |1 0 |4 0 |d 2021-05-27 |l 0 |r 2026-02-21 19:52:58 |w 2026-02-21 | ||
| 952 | |t č. 1-2 |a SNK |b SNK |y PREZ |7 0 |p 17A1521362 |o snkČSD 2477/10/2021 D1 |i snk2023/12278 |8 0 |0 0 |1 0 |4 0 |d 2023-08-18 |l 0 |r 2026-02-21 19:58:35 |w 2026-02-21 | ||
| 952 | |t č. 1-2 |a SNK |b SNK |y PREZ |7 0 |p 17A1521363 |o snkČSD 2477/11/2022 |i snk2023/12280 |8 0 |0 0 |1 0 |4 0 |d 2023-08-18 |l 0 |r 2026-02-21 19:58:44 |w 2026-02-21 | ||
| 952 | |t č. 1-2 |a SNK |b SNK |y PREZ |7 0 |p 17A1463809 |o snkČSD 2477/7/2018 D1 |i snk2022/13224 |8 0 |0 0 |1 0 |4 0 |d 2022-08-31 |l 0 |r 2026-02-21 20:12:29 |w 2026-02-21 | ||
| 952 | |t č. 1-2 |a SNK |b SNK |y PREZ |7 0 |p 17A1463810 |o snkČSD 2477/8/2019 D1 |i snk2022/13225 |8 0 |0 0 |1 0 |4 0 |d 2022-08-31 |l 0 |r 2026-02-21 20:12:29 |w 2026-02-21 | ||
| 952 | |t č. 1-2 |a SNK |b SNK |y PREZ |7 0 |p 17A1463811 |o snkČSD 2477/9/2020 D1 |i snk2022/13226 |8 0 |0 0 |1 0 |4 0 |d 2022-08-31 |l 0 |r 2026-02-21 20:12:29 |w 2026-02-21 | ||
| 952 | |t č. 1-2 |a SNK |b SNK |y PREZ |7 0 |p 17A1519950 |o snkČSD 2477/10/2021 |i snk2023/4141 |8 0 |f 1 |0 0 |1 0 |4 0 |d 2023-03-09 |l 0 |r 2026-02-21 20:18:05 |w 2026-02-21 | ||
| 952 | |t č. 1-2 |a SNK |b SNK |y PREZ |7 0 |p 17A1047886 |o snkČSD 2477/1/2012 |i snk2015/18490 |8 0 |f 1 |0 0 |1 0 |4 0 |d 2015-06-15 |l 0 |r 2026-02-21 21:45:54 |w 2026-02-21 | ||
| 952 | |t č. 1-2 |a SNK |b SNK |y PREZ |7 0 |p 17A1047887 |o snkČSD 2477/2/2013 |i snk2015/18491 |8 0 |f 1 |0 0 |1 0 |4 0 |d 2015-06-15 |l 0 |r 2026-02-21 21:45:54 |w 2026-02-21 | ||
| 952 | |t č. 1-2 |a SNK |b SNK |y PREZ |7 0 |p 17A1047888 |o snkČSD 2477/1/2012 D1 |i snk2015/18492 |8 0 |0 0 |1 0 |4 0 |d 2015-06-15 |l 0 |r 2026-02-21 21:45:54 |w 2026-02-21 | ||
| 952 | |t č. 1-2, neúpl. |a SNK |b SNK |y PREZ |7 0 |p 17A1047889 |o snkČSD 2477/2/2013 D1 |i snk2015/18494 |8 0 |z chýba č. 1 |0 0 |1 0 |4 0 |d 2015-06-15 |l 0 |r 2026-02-21 21:45:54 |w 2026-02-21 | ||
| 952 | |t č. 1-2 |a SNK |b SNK |y PREZ |7 0 |p 17A1383877 |o snkČSD 2477/5/2016 D1 |i snk2019/25374 |8 0 |0 0 |1 0 |4 0 |d 2019-10-09 |l 0 |r 2026-02-21 21:59:50 |w 2026-02-21 | ||
| 952 | |t č. 1-2 |a SNK |b SNK |y PREZ |7 0 |p 17A1383876 |o snkČSD 2477/6/2017 |i snk2019/25375 |8 0 |f 1 |0 0 |1 0 |4 0 |d 2019-10-09 |l 0 |r 2026-02-21 21:59:50 |w 2026-02-21 | ||
| 952 | |t č. 1-2 |a SNK |b SNK |y PREZ |7 0 |p 17A1383875 |o snkČSD 2477/7/2018 |i snk2019/25376 |8 0 |f 1 |0 0 |1 0 |4 0 |d 2019-10-09 |l 0 |r 2026-02-21 21:59:50 |w 2026-02-21 | ||
| 952 | |t č. 1-2 |a SNK |b SNK |y PREZ |7 0 |p 17A1207009 |o snkČSD 2477/3/2014 |i snk2017/12165 |8 0 |f 1 |0 0 |1 0 |4 0 |d 2017-05-25 |l 0 |r 2026-02-21 22:17:55 |w 2026-02-21 | ||
| 952 | |t č. 1-2 |a SNK |b SNK |y PREZ |7 0 |p 17A1207010 |o snkČSD 2477/3/2014 D1 |i snk2017/12166 |8 0 |0 0 |1 0 |4 0 |d 2017-05-25 |l 0 |r 2026-02-21 22:17:55 |w 2026-02-21 | ||
| 952 | |t č. 1-2 |a SNK |b SNK |y PREZ |7 0 |p 17A1207011 |o snkČSD 2477/4/2015 |i snk2017/12180 |8 0 |f 1 |0 0 |1 0 |4 0 |d 2017-05-25 |l 0 |r 2026-02-21 22:17:55 |w 2026-02-21 | ||
| 952 | |t č. 1-2 |a SNK |b SNK |y PREZ |7 0 |p 17A1207012 |o snkČSD 2477/4/2015 D1 |i snk2017/12199 |8 0 |0 0 |1 0 |4 0 |d 2017-05-25 |l 0 |r 2026-02-21 22:17:55 |w 2026-02-21 | ||
| 952 | |t č. 1-2 |a SNK |b SNK |y PREZ |7 0 |p 17A1207013 |o snkČSD 2477/5/2016 |i snk2017/12201 |8 0 |f 1 |0 0 |1 0 |4 0 |d 2017-05-25 |l 0 |r 2026-02-21 22:17:55 |w 2026-02-21 | ||
| 952 | |t č. 1-2 |a SNK |b SNK |y PREZ |7 0 |p 17A1386104 |o snkČSD 2477/6/2017 D1 |i snk2020/1145 |8 0 |0 0 |1 0 |4 0 |d 2020-01-20 |l 0 |r 2026-02-21 22:22:36 |w 2026-02-21 | ||


